| 000 | 00775nam a22002057a 4500 | ||
|---|---|---|---|
| 003 | AM-YeHGA | ||
| 040 | _aAM-YeHGA | ||
| 090 | _c432315 | ||
| 005 | 20250617155255.0 | ||
| 008 | 190415b ||||| |||| 00| 0 rus d | ||
| 041 | 0 | _arus | |
| 100 | 1 | _aПетров, Прокопий Устинович | |
| 245 | 1 | 0 |
_aИз истории революционной деятельности ссыльных большевиков в Якутии / _cП.У. Петров. |
| 260 |
_aЯкутск : _bЯкгиз, _c1952. |
||
| 300 |
_a298 с. : _bил. |
||
| 500 | _aПарал. тит. л. на якут. яз. | ||
| 650 | 1 | 4 |
_aВКП(б) _xЯкутская организация |
| 650 | 1 | 4 |
_aРеволюционное движение _zЯкутия |
| 942 |
_2udc _cBK |
||
| 999 |
_c429766 _d429766 |
||